| 000 | 00928naa a22002777a 4500 | ||
|---|---|---|---|
| 001 | BR9405730 | ||
| 003 | BR-BrBNA | ||
| 005 | 20240918181252.0 | ||
| 007 | ta | ||
| 008 | 230509b bl.||||| |||| 00| 0 por d | ||
| 040 |
_aBR-BrBNA _bpor _cBiblioteca Nacional de Agricultura |
||
| 041 | _a(Pt) | ||
| 072 | _aF06 | ||
| 090 | _aF06 BR9405730 | ||
| 100 | 1 | _aSilva, A. de S. | |
| 245 | 1 | _aCalibracao de sonda de neutrons em oxisol e vertisol | |
| 260 | 3 |
_aPetrolina, PE (Brasil): _c1977. |
|
| 500 | _aResumo de atividades de pesquisa no. 1, vol. 1-2, 1977 Petrolina, PE (Brasil): 1977. v. 2 p. 189-190 (BR9405730-AM)F06 | ||
| 650 | _aUmidade do Solo | ||
| 650 | _aIrrigacao | ||
| 650 | _aOxisol | ||
| 650 | _aVertissolo | ||
| 773 | 0 |
_tResumo de atividades de pesquisa no. 1, vol. 1-2, 1977 _wF06 BR9405730 _gPetrolina, PE (Brasil), 1977. v. 2 p. 189-190 |
|
| 909 |
_a202404 _bLucia _c55 _dLucia Elande |
||
| 942 |
_cAM _2AGRIS |
||
| 999 |
_c324460 _d324460 |
||